Médaillés Français aux Jeux Paralympiques de Tokyo 2020 (2021) - Statistiques

Statistiques générales
  • Ce quiz a été pris 11 fois
  • Le résultat moyen est 37 sur 75
Statistiques - réponses
Sport Épreuve Athlète Médaille % Correct
Cyclisme sur Piste Poursuite C2 h Alexandre Léauté or
86%
Cyclisme sur Piste Kilomètre C1 3 h Alexandre Léauté argent
86%
Cyclisme sur Route Contre la Montre C2 h Alexandre Léauté bronze
86%
Cyclisme sur Route Course en Ligne C1 3 h Alexandre Léauté bronze
86%
Cyclisme sur Piste 3 000m poursuite individuelle C5 f Marie Patouillet bronze
86%
Cyclisme sur Route Course en Ligne C4 5 f Marie Patouillet bronze
86%
Natation 400m nage libre S13 h Alex Portal bronze
71%
Natation 200m 4 Nages SM19 Alex Portal argent
71%
Athlétisme Saut en Longueur T64 h Dimitri Pavadé argent
71%
Tennis de Table Simple h Classe 2 Fabien Lamirault or
71%
Tennis de Table Double h Classes 1 2 Fabien Lamirault or
71%
Badminton Simple h SL4 Lucas Mazur or
71%
Badminton Double m SL3 SU5 Lucas Mazur argent
71%
Athlétisme 200m T37 f Mandy François Élie bronze
71%
Natation 400m nages libres S9 h Ugo Didier argent
71%
Natation 200m 4 nages SM9 h Ugo Didier bronze
71%
Triathlon PTS4 h Alexis Hanquinquant or
57%
Haltérophilie -54kg h Axel Bourlon argent
57%
Athlétisme 400m T20 h Charles Antoine Kouakou or
57%
Cyclisme sur Route Contre la Montre B h Guide Corentin Ermenault or
57%
Cyclisme sur Route Course en Ligne B h Corentin Ermenault bronze
57%
Cyclisme sur Piste Poursuite C5 h Dorian Foulon or
57%
Badminton Double m SL3 SU5 Faustine Noël argent
57%
Cyclisme sur Route Contre la Montre H2 h Florian Jouanny bronze
57%
Cyclisme sur Route Course en ligne H1 2 h Florian Jouanny or
57%
Cyclisme sur Relais M par Équipes H1 5 Florian Jouanny argent
57%
Judo -90kg h Hélios Latchoumanaya bronze
57%
Cyclisme sur Route Course en Ligne C4 5 h Kevin Le Cunff or
57%
Tennis de Table Simple f Classe 11 Léa Ferney argent
57%
Athlétisme Saut en Longueur T64 f Marie Amélie Le Fur argent
57%
Escrime Fleuret par Équipes Open H Romain Noble bronze
57%
Judo -48kg f Sandrine Martinet argent
57%
Tennis Fauteuil Double h Stéphane Houdet or
57%
Tennis de Table Simple f Classe 8 Thu Kamkasomphou bronze
57%
Tennis de Table Par Équipes f Classes 6 8 Thu Kamkasomphou bronze
57%
Athlétisme 100m T11 h Timothée Adolphe argent
57%
Cyclisme sur Route Contre la Montre B h Alexandre Lloveras or
43%
Cyclisme sur Route Course en Ligne B h Alexandre Lloveras bronze
43%
Triathlon PTVI1 f Annouck Curzillat bronze
43%
Natation 100m dos S10 h Florent Marais bronze
43%
Tennis de Table Par Équipes h Classes 4 5 Florian Merrien bronze
43%
Cyclisme sur Route Contre la Montre H5 h Loïc Vergnaud argent
43%
Cyclisme sur Route Course en Ligne H5 h Loïc Vergnaud argent
43%
Cyclisme sur Relais M par Équipes H1 5 Loïc Vergnaud argent
43%
Tennis de Table Simple h Classe 11 Lucas Créange bronze
43%
Tennis de Table Simple h Classe 10 Matéo Bohéas argent
43%
Aviron Skiff f PR1 f Nathalie Benoit bronze
43%
Canoë Kayak Kayak 200m individuel KL3 f Nélia Barbosa argent
43%
Tennis Fauteuil Double h Nicolas Peifer or
43%
Athlétisme 800m T53 h Pierre Fairbank bronze
43%
Canoë Kayak Kayak 200m individuel KL1 h Rémy Boullé bronze
43%
Cyclisme sur Relais M par Équipes H1 5 Riadh Tarsim argent
43%
Athlétisme Saut en Longueur T11 h Ronan Pallier bronze
43%
Athlétisme 400m T11 h Trésor Makunda bronze
43%
Tennis de Table Simple f Classe 7 Anne Barnéoud bronze
29%
Tennis de Table Par Équipes f Classes 6 8 Anne Barnéoud bronze
29%
Aviron Quatre avec barreur m PR3 Antoine Jesel bronze
29%
Athlétisme 100m T11 h Guide Bruno Naprix argent
29%
Triathlon PTVI1 f Guide Céline Bousrez bronze
29%
Tennis de Table Par Équipes h Classe 8 Clément Berthier bronze
29%
Escrime Fleuret par Équipes Open H Damien Tokatlian bronze
29%
Aviron Quatre avec barreur m PR3 Erika Sauzeau bronze
29%
Cyclisme sur Piste Kilomètre B h Guide François Pervis bronze
29%
Athlétisme 400m T11 h Guide Lucas Mathonat bronze
29%
Aviron Quatre avec barreur m PR3 Margot Boulet bronze
29%
Tennis de Table Simple m Classe 4 Maxime Thomas bronze
29%
Tennis de Table Par Équipes h Classes 4 5 Maxime Thomas bronze
29%
Escrime Fleuret par Équipes Open H Maxime Valet bronze
29%
Tennis de Table Par Équipes h Classes 4 5 Nicolas Savant Aira bronze
29%
Cyclisme sur Piste Kilomètre B h Raphaël Beaugillet bronze
29%
Aviron Quatre avec barreur m PR3 Remy Taranto bronze
29%
Aviron Quatre avec barreur m PR3 Robin Le Barreau bronze
29%
Haltérophilie - 73kg f Souhad Ghazouani bronze
29%
Tennis de Table Double h Classes 1 2 Stéphane Molliens or
29%
Tennis de Table Par Équipes h Classe 8 Thomas Bouvais bronze
29%
Aucun quiz correspondant
Distribution des résultats
% des personnes avec chaque résultat
Percentile par nombre de réponses
Votre historique - résultats
Vous n’avez pas pris ce quiz